| 000 | 00591nam a22001817a 4500 | ||
|---|---|---|---|
| 999 |
_c189874 _d189874 |
||
| 005 | 20220714110544.0 | ||
| 010 | _aENG-133557 | ||
| 020 |
_a9789389658453 _c500.00 |
||
| 035 | _aEN-117089 | ||
| 037 | _bDBAD/PUB | ||
| 082 | _a330 | ||
| 245 |
_aCurrent Research In Economics, Commerce And Management/ _cEdited by C. Vijai |
||
| 260 |
_aTamil Nadu _bShanlax Publications _c2020 |
||
| 270 |
_a61, 66 T.P.K. Main Road Vasantha Nagar _bMadurai _e625003 _mpublisher@shanlaxpublications.com |
||
| 300 |
_a289p. _c25cm(pbk) |
||
| 700 | _aVijay, C. | ||
| 942 |
_2ddc _cEN _h330 _mCUR |
||